1689 1564 1657 1017 1009 1603 1530 1789 1927 1631 1420 1356 1773 1393 1230 1244 1515 1972 1899 1094 1585 1030 1077 1402 1579 1720 1091 1842 1722 1187 1418 1873 1238 1104 1833 1046 1896 1533 1896 1979 1970 1472 1774 1926 1549 1448 1543 1900 1164 1920 1202 1414 1042 1072 1882 1412 1749 1912 1198 1017 1949 1714 1786 1274 1618 1946 1158 1919 1306 1138 1041 1039 1434 1311 1788 1380 1794 1228 1707 1528 1696 1144 1834 1055 1053 1328 1744 1885 1318 1811 1524 1842 1284 1898 1574 1316 1900 1123 1524 BCNSPRNW ULIB Ver.6.0+V

เปลี่ยนเป็นภาษาไทย

Change to English
 แสดงรายละเอียดบรรณานุกรม
  กลับหน้าหลัก

Brief Record : Get Marc (ISO 2709) : E-mail record : QR code < ปิดหน้าต่าง
LEADER : 00000nam 2200000uu 4500
001    13399121570
003     ULIB
008    121123s2550||||th 000 0 tha d
020    ^a9789749510230
060 04 ^aWV100^bต367
245 00 ^aตำราโสต ศอ นาสิกวิทยา ฉบับเรียงเรียงใหม่ครั้งที่ 1 /^cบรรณาธิการ, สุภาวดี
250    ^aพิมพ์ครั้งที่ 1
260    ^aกรุงเทพฯ :^bภาควิชาโสต ศอ นาสิกวิทยาคณะแพทยศาสตร์โรงพยาบาลรามาธิบดี มหาวิทยาลัยมหิดล,^c2550
300    ^a[12], 556 หน้า :^bภาพประกอบ (สีบางภาพ) ;^c27 ซม.
500    ^aฉบับเรียงเรียงใหม่ครั้งที่ 1
504    ^aบรรณานุกรม และดัชนี
650  2 ^aOtorhinolaryngologic Diseases
650  7 ^aโสตนาสิกลาริงซ์วิทยา
650  7 ^aหูคอจมูกและกล่องเสียง, โรค
700 0  ^aสุภาวดี ประคุณหังสิต,^eบรรณาธิการ
710 2  ^aมหาวิทยาลัยมหิดล. ^bคณะแพทยศาสตร์โรงพยาบาลรามาธิบดี.^bภาควิชาโสต ศอ นาสิกวิทยา.
945    ^p540^l0^i16023
945    ^p540^l0^i16024
995    ^aวิภา
999 ^a ใช้งานได้ทุกระบบ
รายการนี้ยังไม่มีแท็ก
คุณยังไม่ได้ล็อกอิน คุณสามารถมีกิจกรรมร่วมกับเว็บไซต์ได้ แต่ต้องล็อกอินก่อน ::
  ล็อกอิน

รายการสื่อสารสนเทศ

ลำดับที่ ประเภท เลขเรียก/บาร์โค้ด สถานที่ สถานะ
1. วิทยาศาสตร์การแพทย์ และสุขภาพ
วิทยาศาสตร์การแพทย์ และสุขภาพ
WV100 ต367  
  Barcode: 16023
ห้องสมุดวิทยาเขตสวรรค์ประชารักษ์
►ส่วนจัดเก็บหนังสือเก่า สปร
บนชั้น
  ขอยืม
2. วิทยาศาสตร์การแพทย์ และสุขภาพ
วิทยาศาสตร์การแพทย์ และสุขภาพ
WV100 ต367 ฉ.2 
  Barcode: 16024
ห้องสมุดวิทยาเขตสวรรค์ประชารักษ์
►ส่วนจัดเก็บหนังสือเก่า สปร
บนชั้น
  ขอยืม

รายการใกล้เคียง
    หัวเรื่อง [Otorhinolaryngologic Diseases]
    หัวเรื่อง [โสตนาสิกลาริงซ์วิทยา]
    หัวเรื่อง [หูคอจมูกและกล่องเสียง, โรค]

BibComment


ยังไม่เคยถูกคอมเมนท์

คอมเมนท์ทรัพยากรรายการนี้
  คอมเมนท์: ตำราโสต ศอ นาสิก..


 Copyright 2026. Bcnsprnw @Library